000 00857nab a2200253uu 4500
001 14175
003 HDC
007 cr aa aaaau
008 210214p2006 my ||||| |||| 00| 0 eng d
040 _aHDC
100 _aRupilius, Wolfgang
_eauthor
_914773
245 4 _aThe Changing World of Oleochemicals / by
_cWolfgang Rupilius
260 _aKuala Lumpur :
_bMalaysian Palm Oil Board,
_c2006
300 _a1 online resource (9 pages )
336 _atext
_2rdacontent
337 _acomputer
_2rdamedia
338 _aonline resource
_2rdacarrier
650 _achemical products
_914429
650 _aOleochemicals
_914774
856 _zRequest full-text at [email protected]
942 _2lcc
942 _cAR
942 _kJART 003378
999 _c11491
_d11491